Films avec Philippe Lacheau - Mort subite - Statistiques

Statistiques générales
  • Ce quiz a été pris 966 fois
    243 depuis la dernière actualisation
  • Le résultat moyen est 5 sur 11
Answers on the Grid
Answers color-coded by a green-red scale on the quiz's grid according to % correct below.
Alibi.com
Alibi.com 2
Babysitting
Babysitting 2
Épouse-moi mon pote
Nicky Larson et le parfum de Cupidon
3 jours max
30 jours max
Super-héros malgré lui
Chien et chat
Menteur
LOL : qui rit, sort !
Nicky Larson
Les Tuche
Bienvenue chez les Ch'tis
Camping
Les bronzés font du ski
Un p'tit truc en plus
Le comte de Monte-Cristo
Astérix aux jeux olympiques
Marsupilami
 
Statistiques - réponses
Réponse % Correct
Alibi.com
67%
Alibi.com 2
65%
Babysitting
63%
Babysitting 2
60%
30 jours max
53%
Épouse-moi mon pote
51%
Marsupilami
44%
Super-héros malgré lui
42%
Nicky Larson et le parfum de Cupidon
40%
3 jours max
39%
Chien et chat
23%
Aucun quiz correspondant
Distribution des résultats
% des personnes avec chaque résultat
Percentile par nombre de réponses
Votre historique - résultats
Vous n’avez pas pris ce quiz depuis la dernière actualisation